[Event "EICC 2021"]
[Site "Reykjavik"]
[Date "2021.09.02"]
[Round "8.21"]
[White "Bjerre, Jonas Buhl"]
[Black "Svane, Rasmus"]
[Result "1/2-1/2"]
[WhiteElo "2550"]
[BlackElo "2615"]
[Annotator "TA"]
[PlyCount "144"]
[EventDate "2021.08.26"]
[EventType "swiss"]
[EventCountry "ISL"]
[Tiebreak "Cut1 Buchholz"]
[SourceTitle "playchess.com"]
[Source "ChessBase"]
[SourceQuality "1"]

{[%evp 13,144,7,8,0,16,11,6,12,25,24,22,18,44,45,45,49,77,10,10,19,21,20,0,14,
68,45,147,143,148,132,137,117,118,95,122,107,124,125,109,96,96,0,116,31,22,0,0,
0,0,-37,-42,-25,85,85,140,-106,-98,-93,-25,-105,-97,-97,-105,-105,-97,-100,
-101,-101,-101,-108,-71,-84,-60,-62,-48,-48,-27,-34,-34,-48,0,-54,-19,-19,-19,
-19,-19,-27,-13,-13,0,0,0,0,0,0,0,-7,-7,-13,-7,-13,-10,-13,-7,-7,-7,-7,-7,-7,
-2,-7,-7,-7,0,0,0,-7,-10,-10,-10,-10,-7,-12,-8,-9,-6,-8,0,0,0,-9,0]} 1. d4 Nf6
2. c4 e6 3. Nf3 d5 4. g3 Bb4+ 5. Bd2 Be7 6. Bg2 O-O 7. O-O c6 8. Bc3 {E11:
Bogo-Indian.} b6 9. Nbd2 Bb7 10. b4 dxc4 11. Nxc4 Nd5 12. Qb3 Na6 13. a3 Nxc3
14. Qxc3 {[#]} Nc7 $146 ({Predecessor:} 14... c5) 15. Rac1 (15. Qb3 $16) 15...
a5 $1 $11 16. bxa5 ({Wrong is} 16. Nxb6 $2 Nb5 $19) 16... b5 {[%cal Rb5c4]} 17.
Nce5 Nd5 18. Qb3 Qd6 (18... Qe8 $11) 19. Nd2 Ra6 (19... f6 $14 20. Nd3 Rxa5)
20. a4 $1 $36 {[%mdl 2048] White is on the roll.} b4 21. Ne4 Qc7 22. Nc4 Ra7
23. Bf3 Rb8 24. Nc5 Bc8 25. Rc2 Nc3 26. Ne4 Nd5 27. Nc5 Nc3 $1 28. Rfc1 (28.
Rxc3 $16 bxc3 29. Qxc3) 28... e5 $1 $14 {[%cal Re5d4]} 29. Nb6 (29. Rxc3 {
seems wilder.} bxc3 30. Qxc3 exd4 31. Qxd4 h6 32. h4) 29... Rxa5 30. Qxb4 Qxb6
31. Qxc3 (31. Qxb6 {looks sharper.} Rxb6 32. Rxc3 exd4 33. Rc4 Bh3 34. Be4)
31... exd4 32. Qxd4 Bf5 {[#]} (32... Bh3 $11 33. Qf4 Rd8) 33. Rc4 $1 $16 h6 (
33... Bxc5 $142 34. Rxc5 Bh3) 34. Qe3 $2 (34. Kg2 $16) 34... Bg5 $17 35. Rf4 {
[#]} Rd8 36. Nb3 (36. Qc3 $11 {remains equal.} Bxf4 37. gxf4) 36... Qxe3 37.
fxe3 Bxf4 38. gxf4 Rxa4 39. Nd4 Bd7 40. Nxc6 Bxc6 41. Rxc6 {[%mdl 4096]
Endgame KRR-KRB} Ra1+ 42. Kf2 Rad1 43. h4 R1d6 44. Rc5 Rf6 45. Kg3 Rg6+ 46. Kf2
Rf6 47. Kg3 g6 48. h5 Kg7 49. e4 Rd4 50. Kg4 gxh5+ 51. Rxh5 {The position is
equal.} Rg6+ 52. Kf5 Rd1 53. e5 Ra1 (53... Ra6 {is more complex.} 54. Rh3 Rb6
55. Rg3+ Rg6 56. Rh3 Rb6) 54. Ke4 Ra4+ 55. Ke3 Rb6 56. Rh4 Re6 {aiming for ...
Rxe5+!} 57. Kf2 Kf8 {Threatens to win with ...Rxe5!} 58. Kg3 Rd4 59. Bg4 Rg6
60. Kf3 Rb4 61. Bf5 Rg1 (61... Rc6 {feels hotter.} 62. Bd3 Ra4 63. Rh1 Ra5 64.
Kg4 Kg7) 62. Bd3 Kg7 63. Kf2 Rg5 {White must now prevent ...Rxe5!} 64. Kf3 {
next Rh1 is good for White.} Rg1 65. Kf2 Rc1 66. Rg4+ Kf8 67. Rh4 Ke7 68. Ke3
Rf1 69. Be4 Rb6 70. Bd3 Rb4 71. Be4 Rb6 72. Bd3 Rb4 {White really could win
this.  Weighted Error Value: White=0.21/Black=0.16} 1/2-1/2

[Event "EICC 2021"]
[Site "Reykjavik"]
[Date "2021.09.02"]
[Round "8.22"]
[White "Grigorian, Spartak"]
[Black "Huschenbeth, Niclas"]
[Result "0-1"]
[WhiteElo "2448"]
[BlackElo "2592"]
[Annotator "TA"]
[PlyCount "74"]
[EventDate "2021.08.26"]
[EventType "swiss"]
[EventCountry "ISL"]
[Tiebreak "Cut1 Buchholz"]
[SourceTitle "playchess.com"]
[Source "ChessBase"]
[SourceQuality "1"]

{[%evp 13,74,-2,0,-5,10,-13,-8,-10,17,8,8,-9,4,-20,-20,-34,-29,-47,-52,-52,-47,
-52,-52,-54,-51,-48,-47,-44,-50,-50,-48,-90,-80,-100,-71,-90,-86,-94,-21,-37,
-39,-167,-168,-227,-208,-231,-245,-306,-298,-310,-300,-443,-443,-388,-233,
-1315,-1279,-1458,-1372,-29982,-29973,-29971,-29972]} 1. d4 Nf6 2. c4 e6 3. Nc3
Bb4 4. e3 O-O 5. Bd2 d5 6. Nf3 b6 7. cxd5 exd5 8. Bd3 {E51: Nimzo-Indian:
Rubinstein: 4...0-0 5 Nf3 d5.} Bd6 9. O-O Re8 10. Nb5 {The position is equal.}
Bf8 11. Ne5 Ba6 12. Rc1 c5 {[%cal Rc5c4] [#] ...c4 is the strong threat.} 13.
b3 $146 ({Predecessor:} 13. a4 Bb7 14. f4 a6 15. Nc3 Nc6 16. Ne2 Rc8 17. Be1
cxd4 18. exd4 Nb4 19. Bb1 Rxc1 20. Qxc1 {1-0 (45) Nakamura,H (2736)-Vidit,S 
(2726) Chess.com INT 2020}) 13... Bb7 14. f4 Nc6 15. Be1 {With the idea Bh4.}
a6 16. Nc3 cxd4 17. Nxc6 Bxc6 18. exd4 Qd6 19. f5 Ne4 20. Qg4 Qh6 21. Rd1 Bd6 {
[%csl Gd6][%cal Rh6h2]} 22. g3 Bb7 $36 {[%mdl 2048] Keeping White busy.} 23.
Ne2 Rac8 24. Qf3 Qf6 25. h4 Bc6 (25... b5 $17) 26. Bxa6 $11 Ra8 27. Bd3 {
Loses the game.} (27. Qd3 $15) 27... Rxa2 $19 28. g4 (28. Kh1 {was worth a try.
}) 28... Bb8 29. g5 Qd6 {[%csl Gb8][%cal Rd6h2]} 30. Nf4 Bd7 31. f6 g6 32. Kh1
(32. Bb1 $142 Rb2 33. Bd3) 32... Bf5 33. Kg1 Qd7 34. Bb1 $2 {[#]} (34. Rc1)
34... Bg4 $1 {[%mdl 576] Skewer} 35. Qd3 (35. Qh1 Bxd1) 35... Bxd1 36. Bxa2
Qg4+ {[%mdl 64] Double Attack} 37. Ng2 Be2 {[%mdl 64] Double Attack.  Weighted
Error Value: White=0.70/Black=0.13} 0-1

[Event "EICC 2021"]
[Site "Reykjavik"]
[Date "2021.09.02"]
[Round "8.23"]
[White "Horvath, Dominik"]
[Black "Parligras, Mircea-Emilian"]
[Result "1/2-1/2"]
[WhiteElo "2455"]
[BlackElo "2591"]
[Annotator "TA"]
[PlyCount "47"]
[EventDate "2021.08.26"]
[EventType "swiss"]
[EventCountry "ISL"]
[Tiebreak "Cut1 Buchholz"]
[SourceTitle "playchess.com"]
[Source "ChessBase"]
[SourceQuality "1"]

{[%evp 10,47,20,14,20,16,11,10,13,10,16,18,15,14,11,0,0,0,19,18,25,26,26,25,25,
25,31,23,27,27,26,28,25,23,27,2,9,9,9,11]} 1. d4 Nf6 2. c4 e6 3. Nf3 d5 4. Nc3
Bb4 5. Qb3 c5 6. dxc5 Nc6 {[#] ...d4 is the strong threat. D38: Queen's Gambit
Declined: Ragozin Defence (4 Nf3 Bb4).} 7. Bg5 Qa5 {aiming for ...d4.} 8. Bxf6
dxc4 9. Qxc4 gxf6 10. Rc1 {[%cal Ba1c1,Bc1c3,Bc3c7][%mdl 32]} Qxc5 11. Qh4 Ke7
12. e3 {[#]} Bxc3+ $146 ({Predecessor:} 12... Bd7 13. Be2 Bxc3+ 14. bxc3 Rag8
15. O-O Qf5 16. Nd4 Qg5 17. Qxg5 Rxg5 18. Nb3 Rhg8 {1/2-1/2 (46) Svane,R (2477)
-Mikkelsen,N (2423) Copenhagen 2014}) 13. Rxc3 Qb4 14. Qxb4+ Nxb4 15. Rc7+ Bd7
16. Bb5 Rhd8 {next ...Rac8 is good for Black.} 17. Ke2 {[#] Hoping for Rd1.} a6
18. Rxd7+ Rxd7 19. Bxd7 Kxd7 $14 {KRN-KRN} 20. Rd1+ Ke7 21. a3 Nc6 22. Nd4
Nxd4+ 23. Rxd4 Rc8 24. Kd2 {Not much happened in this game.  Weighted Error
Value: White=0.03/Black=0.03} 1/2-1/2

[Event "EICC 2021"]
[Site "Reykjavik"]
[Date "2021.09.02"]
[Round "8.24"]
[White "Baltag, Iulian"]
[Black "Nguyen, Thai Dai Van"]
[Result "0-1"]
[WhiteElo "2410"]
[BlackElo "2588"]
[Annotator "TA"]
[PlyCount "76"]
[EventDate "2021.08.26"]
[EventType "swiss"]
[EventCountry "ISL"]
[Tiebreak "Cut1 Buchholz"]
[SourceTitle "playchess.com"]
[Source "ChessBase"]
[SourceQuality "1"]

{[%evp 9,76,8,7,-16,-15,-13,2,5,8,2,8,9,7,8,14,0,0,0,0,-7,-8,-16,-18,-17,-17,
-8,0,-15,-13,-8,0,0,0,0,0,0,0,0,0,-65,-70,-54,-60,-69,-64,-126,-119,-147,-147,
-156,-169,-150,-136,-196,-190,-225,-215,-189,-194,-409,-392,-391,-368,-413,
-411,-724,-678,-712,-705]} 1. e4 c5 2. Nc3 Nc6 3. Bb5 Nd4 4. Nf3 a6 5. Bd3 g6
6. b3 {B23: Closed Sicilian: Lines without g3.} Bg7 {[#]} 7. Bb2 $146 ({
Predecessor:} 7. a4 e6 8. O-O Ne7 9. Re1 O-O 10. Bb2 d5 11. e5 Nec6 12. Nb1
Nxf3+ 13. Qxf3 {1/2-1/2 (40) Movsisyan,T (1691)-Tabuenca Mendataurigoitia,D 
(1865) Salobrena 2020}) 7... d6 8. Nxd4 {The position is equal.} Bxd4 9. Qe2
Nf6 10. Nd1 Bxb2 11. Nxb2 O-O 12. O-O b5 13. a4 Bb7 14. f4 Qb6 {[#] ...c4+ is
the strong threat.} 15. Kh1 Bc6 16. e5 dxe5 17. fxe5 Nh5 18. Qe3 Rad8 19. Rf2
Qc7 20. Kg1 Rd5 21. Re1 Ng7 22. c4 bxc4 23. Bxc4 Rd4 {[%cal Rd4e4]} 24. Qg5 (
24. Qc3 $11) 24... Bd5 $15 25. Bxd5 Rxd5 26. Nc4 f5 27. Qh6 ({White should play
} 27. e6 $15) 27... Ne6 $17 28. Re3 {Threatening Rh3.} f4 29. Rh3 {[%csl Gh3]
[%cal Rh6h7]} Rf7 30. Qh4 Rd4 {[%cal Bd5d4,Bd4e4,Be4e1][%mdl 32]} 31. Qg4 (31.
Rhf3 $17 {is a better defense.}) 31... Qd7 $19 32. Rhf3 Rf5 33. h4 Re4 34. Qh3
$2 (34. Kh2) 34... Nd4 35. Rd3 Re1+ 36. Kh2 {intending Rxf4!} Qd5 {Threatens
to win with ...Qe4.} 37. Ne3 (37. Rc3 $142) 37... fxe3 {[%mdl 64] [#]
Discovered Attack} 38. Rxf5 {Black must now prevent Rf4.} e2 {Weighted Error
Value: White=0.31/Black=0.02} ({Less strong is} 38... gxf5 39. Qg3+ Kf8 40.
Qxe1 $15) 0-1

[Event "EICC 2021"]
[Site "Reykjavik"]
[Date "2021.09.02"]
[Round "8.25"]
[White "Jones, Gawain C B"]
[Black "Subelj, Jan"]
[Result "1/2-1/2"]
[WhiteElo "2684"]
[BlackElo "2412"]
[Annotator "TA"]
[PlyCount "62"]
[EventDate "2021.08.26"]
[EventType "swiss"]
[EventCountry "ISL"]
[Tiebreak "Cut1 Buchholz"]
[SourceTitle "playchess.com"]
[Source "ChessBase"]
[SourceQuality "1"]

{[%evp 18,62,0,0,13,11,18,-15,22,17,13,10,11,11,13,0,0,2,12,0,50,-3,115,116,
122,15,11,-20,0,-79,-64,-59,-59,-59,-54,-65,-75,-125,-120,-118,-95,-115,-85,
-78,-59,-61,-59]} 1. c4 c5 2. Nf3 Nf6 3. Nc3 Nc6 4. g3 d5 5. cxd5 Nxd5 6. Bg2
Nxc3 7. bxc3 e5 8. O-O Be7 9. Rb1 O-O 10. d3 Qc7 {A22: English Opening: 1...e5
2 Nc3 Nf6.} 11. Qc2 Rd8 {[#]} 12. Be3 $146 ({Predecessor:} 12. Rd1 Bf6 13. Bb2
Be6 14. Ba1 Rac8 15. Nd2 b6 16. Rbc1 Be7 17. Qa4 Qd7 18. Nc4 {1-0 (80)
Miasoedov,G-Borsuk,K Kramatorsk 2002}) 12... Be6 {The position is equal.} 13.
d4 exd4 14. cxd4 Qc8 {[%cal Rc5d4]} 15. dxc5 Bf5 16. Qa4 Bxb1 17. Rxb1 Qd7 18.
h4 Rac8 19. Qf4 (19. Kh2 $14) 19... Qd5 (19... Bf6 $11 {remains equal.}) 20.
Rxb7 $16 Qxa2 {[#]} 21. Ng5 (21. Kh2 $1 $16) 21... h6 $1 $11 {[%cal Rh6g5]} 22.
Ne4 Qa6 23. Rxe7 Rd1+ $17 ({But not} 23... Nxe7 $6 24. Nd6 $11) 24. Kh2 Nxe7
25. Nd6 Rf8 26. Qe5 Ng6 27. Qf5 Rxd6 ({Don't take} 27... Qxe2 28. Be4 $11) 28.
cxd6 Qxd6 29. Bc5 Qe5 30. Qxe5 Nxe5 31. Bxa7 Rc8 {Weighted Error Value:
White=0.25/Black=0.20} 1/2-1/2

[Event "EICC 2021"]
[Site "Reykjavik"]
[Date "2021.09.02"]
[Round "8.26"]
[White "Ftacnik, Lubomir"]
[Black "Lupulescu, Constantin"]
[Result "0-1"]
[WhiteElo "2513"]
[BlackElo "2659"]
[Annotator "TA"]
[PlyCount "74"]
[EventDate "2021.08.26"]
[EventType "swiss"]
[EventCountry "ISL"]
[Tiebreak "Cut1 Buchholz"]
[SourceTitle "playchess.com"]
[Source "ChessBase"]
[SourceQuality "1"]

{[%evp 18,74,0,0,10,0,-3,0,0,-18,-26,-34,0,-6,0,-18,10,0,5,2,6,20,19,0,0,0,1,0,
0,-26,-14,-64,-63,-69,-62,-71,-62,-70,-68,-75,-85,-79,-78,-114,-115,-149,-145,
-173,-175,-164,-159,-158,-145,-810,-832,-1059,-998,-1013,-870]} 1. d4 Nf6 2.
Nf3 d5 3. c4 e6 4. Nc3 Nbd7 5. cxd5 exd5 6. Bf4 c6 7. Qc2 Nh5 8. Bg5 Be7 9.
Bxe7 Qxe7 10. e3 Nb6 {D35: Queen's Gambit Declined: Exchange Variation.} 11. h3
g6 12. O-O-O Bf5 {The position is equal.} 13. Qb3 Nf6 14. Ne5 {[#]} h5 $146 ({
Predecessor:} 14... Ne4 15. Nxe4 dxe4 16. Kb1 Be6 17. Qc2 Bd5 18. f3 exf3 19.
e4 fxg2 20. Bxg2 Be6 {0-1 (56) Sunilduth Lyna,N (2573)-Wang,H (2711) Caleta
2018}) 15. Bd3 Bxd3 16. Rxd3 h4 (16... O-O-O {is more complex.} 17. Re1 Rhe8
18. Kb1 Nfd7 19. Nf3 Nf8) 17. Re1 Nfd7 18. Nxd7 Qxd7 19. e4 {Black should
prevent exd5+.} O-O 20. Qd1 Rae8 21. f3 Kg7 22. b3 a5 {[%cal Ba7a5,Ba5a4][%mdl
32]} 23. Rde3 (23. a4 {with more complications.} Na8 24. e5 Nc7 25. Qd2 Qf5 26.
f4) 23... a4 24. exd5 Rxe3 25. Rxe3 Nxd5 26. Nxd5 Qxd5 $11 {[%mdl 4096]
Endgame KQR-KQR} 27. Re5 Qd6 28. bxa4 {[#]} Qa3+ $1 29. Kb1 Qb4+ 30. Qb3 Qxd4
31. Re2 Ra8 32. Re4 Qg1+ {[%mdl 64] [#] Double Attack} 33. Kb2 Qxg2+ {[%mdl 64]
Double Attack} 34. Ka3 {Hoping for Qc3+.} Qxh3 {...b5 is the strong threat.}
35. Re7 $2 {[%mdl 8192]} (35. Qc3+ $17 Kg8 36. Qf6) 35... Qf5 $19 {Black is
clearly winning.} 36. Rxb7 h3 37. Qc3+ Qf6 {Weighted Error Value: White=0.48/
Black=0.03} 0-1

[Event "EICC 2021"]
[Site "Reykjavik"]
[Date "2021.09.02"]
[Round "8.27"]
[White "Martirosyan, Haik M."]
[Black "Druska, Juraj"]
[Result "1-0"]
[WhiteElo "2632"]
[BlackElo "2493"]
[Annotator "TA"]
[PlyCount "55"]
[EventDate "2021.08.26"]
[EventType "swiss"]
[EventCountry "ISL"]
[Tiebreak "Cut1 Buchholz"]
[SourceTitle "playchess.com"]
[Source "ChessBase"]
[SourceQuality "1"]

{[%evp 13,55,9,10,9,11,6,8,0,20,11,54,46,43,64,68,67,73,78,252,251,293,287,285,
275,392,421,372,372,474,467,561,578,823,820,805,792,826,824,930,896,29972,
29973,29978,29979]} 1. d4 d5 2. c4 e6 3. Nf3 Nf6 4. Nc3 Be7 5. Bf4 O-O 6. e3 b6
7. cxd5 Nxd5 {The main line 7...Nxd5 scores better than 7...exd5.} 8. Nxd5 {
D37: Queen's Gambit Declined: 5 Bf4.} Qxd5 9. Be2 Ba6 10. Bxc7 {The position
is equal.} Qa5+ 11. Kf1 $1 {[#]} Nc6 $146 ({Predecessor:} 11... Bxe2+ 12. Qxe2
Nd7 13. h3 Rac8 14. Bg3 Rc6 15. Kg1 Rfc8 16. Kh2 Rc2 17. Qd3 g5 {1/2-1/2 (35)
Karjakin,S (2750)-Anand,V (2756) Saint Louis 2019}) 12. Kg1 Bxe2 13. Qxe2 Rfc8
14. Bg3 Nb4 15. a3 Rc2 $2 {[#]} 16. Qd1 $18 Rxb2 17. axb4 Qxb4 18. h3 a5 (18...
Qb3 $142 19. Qxb3 Rxb3) 19. Ne5 Qb5 20. Qf3 Rf8 21. Kh2 Bd6 22. Rhc1 a4 23. Nc4
Bxg3+ 24. Qxg3 Rb3 25. Ne5 a3 26. Rc7 Rb1 27. Rxa3 Qf1 28. Qf3 {White took
control after the opening.  Weighted Error Value: White=0.01/Black=0.81} 1-0

[Event "EICC 2021"]
[Site "Reykjavik"]
[Date "2021.09.02"]
[Round "8.28"]
[White "Kobo, Ori"]
[Black "Paravyan, David"]
[Result "1/2-1/2"]
[WhiteElo "2490"]
[BlackElo "2631"]
[Annotator "TA"]
[PlyCount "234"]
[EventDate "2021.08.26"]
[EventType "swiss"]
[EventCountry "ISL"]
[Tiebreak "Cut1 Buchholz"]
[SourceTitle "playchess.com"]
[Source "ChessBase"]
[SourceQuality "1"]

{[%evp 9,234,33,77,92,86,96,86,59,80,104,109,83,123,79,72,82,112,112,123,104,
137,126,135,94,94,95,119,114,85,50,111,70,62,0,0,-8,0,-47,0,0,0,-52,0,-14,0,
-30,13,0,18,0,20,0,0,0,0,0,0,-120,-112,-113,-114,-117,-125,-218,-218,-216,-201,
-198,-198,-194,-194,-182,-183,-279,-279,-279,-279,-279,-268,-255,-258,-251,
-229,-229,0,-227,-213,-213,-137,-129,-129,-350,-340,-516,-516,-516,-340,-211,0,
-516,-516,-516,-516,-502,-495,-484,-465,-465,-452,-350,-350,-350,-350,-361,-47,
-81,-81,-81,-81,-81,-81,-81,0,-81,0,-81,-81,-81,-81,-81,-47,-47,-47,-47,-47,
-47,-47,-47,-47,-47,-47,-47,-47,-47,-47,-47,-47,-47,-47,-47,-47,-47,-47,-47,0,
-47,0,-47,-47,-47,-47,-47,-47,-47,-47,-47,-47,-47,-47,-47,-47,-47,-47,-47,-47,
-47,-47,-47,-47,-47,0,-47,-47,-47,0,-47,0,-47,0,-47,-47,-47,-47,-47,-47,-47,
-47,-47,-47,-47,0,0,0,-47,-47,-47,0,-47,-47,-47,0,-47,-47,-47,-47,-47,-47,-47,
-47,-47,-47,-47,0,-47,0,-47,0]} 1. e4 c5 2. Nf3 e6 3. g3 Nc6 4. Bg2 h5 5. c3 {
[#]} h4 $146 ({Predecessor:} 5... b6 6. O-O g5 7. d4 g4 8. Nh4 Ba6 9. Re1 Be7
10. d5 Ne5 11. dxe6 fxe6 12. Bf4 {1-0 (30) Tsaknakis,Z (2027)-Dobrov,V (2505)
Kavala 2016}) 6. Nxh4 {B40: Sicilian: 2...e6, Unusual lines.} g5 7. Nf3 g4 8.
Ng1 {White is better.} c4 9. d4 cxd3 10. Qxd3 Bc5 11. Be3 Ne5 12. Qe2 Qb6 13.
Bxc5 Qxc5 14. Nd2 {[%cal Bb1d2,Bd2b3,Bb3d4][%mdl 32]} Qb6 15. Nb3 d6 16. O-O-O
Bd7 17. Nd4 $1 Ba4 18. b3 $1 {[%cal Rb3a4]} Rc8 19. Qc2 (19. Kb2 {with more
complications.} Qc5 20. Rc1 Bd7 21. f4 gxf3 22. Ngxf3 Nf6 23. Kb1) 19... Bb5 (
19... Bd7 $14) 20. Nxb5 Qxb5 21. Ne2 (21. f4 $14 gxf3 22. Nxf3) 21... Qc5 $11
22. Rdf1 a5 23. Kb1 b5 {[%mdl 1024] Black has compensation.} 24. Qd2 Nf6 25.
Qd4 ({White should play} 25. Nd4 $1 $11) 25... Qa3 ({Better is} 25... Ke7 $15)
26. Rd1 {[%cal Bf1d1,Bd1d2,Bd2b2][%mdl 32]} Ke7 27. Rd2 Ra8 28. Nc1 Ra6 29. Rb2
Nfd7 30. h3 Nc5 31. hxg4 Rxh1 32. Bxh1 a4 $40 {[%mdl 128] Black has some
attack.} 33. Qb4 {[#]} (33. Qd2 $11) 33... Qxb2+ $1 $17 {[%mdl 576] Decoy} 34.
Kxb2 Ncd3+ 35. Nxd3 Nxd3+ 36. Kc2 (36. Ka3 $17 axb3+ 37. Kxb3 Nxb4 38. cxb4)
36... Nxb4+ $19 37. cxb4 {[%mdl 4096] Endgame KR-KB} Rc6+ 38. Kd2 axb3 39. axb3
Ra6 40. Bf3 Ra2+ 41. Ke3 {[#]} (41. Ke1 $142) 41... Rb2 $1 {[%cal Rb2b3]} 42.
Bd1 {[#]} f6 43. f4 Kf7 44. Kf3 Kg7 45. Ke3 Kf8 46. Kf3 Ke7 47. Ke3 $1 Kd8 48.
Kf3 Kc7 49. Ke3 Kc6 50. f5 $2 (50. Kf3 $17 {was the only defense.}) 50... Kd7
51. Kf3 (51. Kd3 {was called for.}) 51... Ke7 52. Ke3 Kf7 53. Kf3 Ke7 $2 (53...
d5 54. fxe6+ Kxe6 55. exd5+ Kxd5) 54. Ke3 Rg2 55. Kf3 Rg1 56. Be2 Rb1 57. Bxb5
Rxb3+ {[%mdl 64] Double Attack} 58. Kf2 Rxb4 59. Bc6 Rc4 60. Bb7 Rc7 61. Ba8 e5
$2 (61... Kd7 $19 62. Kf3 Rc8) 62. g5 fxg5 63. Kf3 Rc8 64. Bd5 Rc5 65. Bb7 Rc7
(65... g4+ $17 66. Kxg4 Kf6) 66. Bd5 (66. Ba8 $1 $11) 66... Rc5 67. Bb7 $1 Rb5
68. Bc6 Rb6 69. Bd5 Kf6 70. Kg4 Rb4 71. Bc6 Rb3 (71... Rc4 {is more complex.}
72. Bd5 Ra4 73. Bc6 Rd4 74. Ba8 Rd1) 72. Bd5 Rd3 {( -> ...Rxd5!)} (72... Rb1 {
is interesting.} 73. Bc6 d5 74. Bxd5 Rb8 75. Bc6 Rc8) 73. Bc6 Ke7 74. Bb7 Rc3
75. Bd5 Kf6 76. Bb7 Rc7 77. Bd5 Rg7 78. Bc6 Rh7 79. Bd5 Rh1 80. Bc6 Rd1 81. Bb7
Rd3 82. Bc6 $1 Ke7 (82... d5 $5 83. Bxd5 Ra3 $17) 83. Bb7 $1 Kf7 84. Bc6 Kg7
85. Bb7 Kh6 86. Bc6 Rc3 87. Bd5 Rc7 88. Ba8 Rc5 89. Bb7 $1 Ra5 90. Bc6 $1 Ra3
91. Bb7 Kg7 92. Bc6 Kf6 93. Bb7 Ke7 94. Bc6 Rc3 95. Bd5 Re3 96. Bc6 Rd3 97. Bb7
Kf6 {Hoping for ...Rd2.} 98. Bc6 $1 Rc3 99. Bd5 Rc8 {Threatens to win with ...
Rc3.} 100. Bb7 $1 {[%cal Rb7c8]} Rh8 (100... Rd8 {looks sharper.} 101. Bc6 Rb8
102. Bd5 Rb2 103. Bc6 Rb4) 101. Bd5 Rh7 102. Bc6 Ke7 103. Bd5 Rg7 {aiming for .
..Kf6.} 104. Bc6 Kf7 {White must now prevent ...Kf6.} 105. Bd5+ Kf6 106. Bc6 $1
Ra7 107. Bd5 Ra3 {Strongly threatening ...Rd3.} 108. Bc6 Ke7 {And now ...Kf6
would win.} 109. Bd5 Rd3 {...Rxd5! is the strong threat.} 110. Bc6 d5 111. Bxd5
Kf6 112. Bc6 Rd6 113. Bb7 Rd7 114. Bc6 Rd8 115. Bb7 Rd7 116. Bc6 $1 {[%cal
Rc6d7]} Rd8 117. Bb7 Rd7 {White happily takes the draw.  Weighted Error Value:
White=0.21/Black=0.22} 1/2-1/2

[Event "EICC 2021"]
[Site "Reykjavik"]
[Date "2021.09.02"]
[Round "8.29"]
[White "Bartel, Mateusz"]
[Black "Vrolijk, Liam"]
[Result "1/2-1/2"]
[WhiteElo "2611"]
[BlackElo "2480"]
[Annotator "TA"]
[PlyCount "55"]
[EventDate "2021.08.26"]
[EventType "swiss"]
[EventCountry "ISL"]
[Tiebreak "Cut1 Buchholz"]
[SourceTitle "playchess.com"]
[Source "ChessBase"]
[SourceQuality "1"]

{[%evp 15,55,6,20,0,-11,-18,0,-20,0,-37,-13,-10,0,0,-2,-19,-12,-8,-9,-31,-32,
-107,-120,-140,-29,-79,-52,-157,-74,-166,-166,-162,-78,-155,-62,-68,-49,-48,
-47,-39,-8,-8]} 1. Nf3 d5 2. b3 Bf5 3. Bb2 e6 4. d3 h6 5. Nbd2 Nf6 6. g3 Be7 7.
Bg2 O-O 8. O-O a5 9. Re1 {A07: Réti Opening: New York and Capablanca Systems.}
a4 10. e4 Bh7 11. exd5 {[#]} exd5 $146 ({Predecessor:} 11... Nxd5 12. a3 axb3
13. Nxb3 Nd7 14. c4 N5b6 15. Ra2 Bf6 16. Bd4 Bxd4 {0-1 (16) Stevenson,
W-Franklin,T ICCF email 2018}) 12. Qe2 Nc6 13. Nd4 {[#] And now Nxc6 would win.
} Nxd4 14. Bxd4 Re8 15. Qf3 Qd7 16. Nf1 c6 17. Ne3 Bg6 18. g4 (18. h4 $15)
18... Bb4 $17 19. Rf1 {[#]} Bd6 (19... Nh7 $1 $17 20. h4 Nf8) 20. Rae1 Qc7 21.
Nf5 (21. Bxf6 $15 Bxh2+ 22. Kh1 gxf6 23. Nf5) 21... Bxh2+ 22. Kh1 Bxf5 23. gxf5
axb3 (23... Be5 $19 {and Black stays clearly on top.} 24. Bxe5 Rxe5) 24. axb3 (
{White should try} 24. Bxf6 Rxe1 25. Rxe1 gxf6 26. axb3) 24... Rxe1 (24... Be5
$17 25. Bxe5 Rxe5) 25. Rxe1 $15 Re8 26. Rxe8+ Nxe8 27. Qe3 Nf6 28. Bxf6 {
Weighted Error Value: White=0.34/Black=0.25} 1/2-1/2